01303nam a2200337 a 4500001001200000003000800012006001900020007001500039008004100054015001500095020001500110020002200125040002100147035002000168050002300188082001200211100002000223245011400243246003600357260005200393300001600445504006600461533015200527600005100679650002200730650002800752650001300780655002900793710001700822856012600839ebr10080984CaPaEBRm u cr cn|||||||||030916s2002 enk sb 001 0 eng  aGBA2-Y6352 z0761961135 z0761961143 (pbk.) aCaPaEBRcCaPaEBR a(OCoLC)7077421214aHM626b.M55 2002eb04a3062221 aMilner, Andrew.10aRe-imagining cultural studiesh[electronic resource] :bthe promise of cultural materialism /cAndrew Milner.30aPromise of cultural materialism aLondon ;aThousand Oaks, Calif. :bSage,c2002. avii, 207 p. aIncludes bibliographical references (p. [182]-197) and index. aElectronic reproduction.bPalo Alto, Calif. :cebrary,d2013.nAvailable via World Wide Web.nAccess may be limited to ebrary affiliated libraries.10aWilliams, RaymondxPolitical and social views. 0aSocial evolution. 0aHistorical materialism. 0aCulture. 7aElectronic books.2local2 aebrary, Inc.40uhttp://site.ebrary.com/lib/rucke/Doc?id=10080984zAn electronic book accessible through the World Wide Web; click to view